| 000 | 00457nam a2200205Ia 4500 | ||
|---|---|---|---|
| 003 | 0100 | ||
| 008 | 130303s9999 xx 000 0 und d | ||
| 020 | _a0534576060 | ||
| 040 | _cARRUPELIB | ||
| 050 | _aB3317.S6845 2000 | ||
| 100 | _aSteinhart, Eric | ||
| 245 | _aOn Nietzsche | ||
| 260 | _aAustralia | ||
| 260 | _bWadsworth | ||
| 260 | _C2000 | ||
| 300 | _a88p. | ||
| 300 | _b 21cm. | ||
| 440 | _aWadsworth philosophers series | ||
| 942 | 0 | 0 | _011 |
| 999 |
_c12841 _d12841 |
||